Effective advertising : understanding when, how, and why advertising works

Bibliographic Details
Main Author: Tellis, Gerard J
Format: Book
Published: New Delhi : Response Books , 2004
Subjects:

MARC

LEADER 00000cam a2200000 7i4500
001 0000038086
005 20131023.0
008 131023
020 |a 8178293706 
090 0 0 |a 659   |b TEL 
100 1 |a Tellis, Gerard J 
245 1 0 |a Effective advertising :   |b understanding when, how, and why advertising works   |c Gerard J. Tellis 
260 |a New Delhi :   |b Response Books ,   |c 2004 
650 0 |a Advertising 
650 0 |a Public relations 
999 |a 0001243802   |b Book   |c Adult Collection   |e Perbadanan Perpustakaan Awam Johor